| 000 | 00568cam a2200217ua 4500 | ||
|---|---|---|---|
| 020 | _cRs 10.00 | ||
| 041 |
_aeng _h |
||
| 082 |
_a101 _bSMU/IN |
||
| 100 | _aSmullyan, Arthur . | ||
| 245 | 0 | 0 |
_aIntroduction to philosophy / _cArthur Smullyan. _hTextual Documents |
| 250 |
_a1 / _b. |
||
| 260 |
_aNew Delhi : _bPrentice Hall of India Pvt Ltd. , _c1967. |
||
| 300 | _a418 ; . | ||
| 365 | _aRs 10.00 | ||
| 504 | _a | ||
| 700 | 1 | _aDietrichson, Paul . | |
| 700 | 1 | _aKeyt, David . | |
| 700 | 1 | _aMiller, Leonard . | |
| 942 | _cBK | ||
| 999 |
_c1427 _d1427 |
||